[Event "London Classic Weekend op 11th"]
[Site "London"]
[Date "2019.11.30"]
[Round "2"]
[White "Martelli, Tommaso"]
[Black "Lim, Mark"]
[Result "1-0"]
[WhiteElo "1924"]
[BlackElo "1807"]
[PlyCount "71"]
[EventDate "2019.11.29"]
[EventType "swiss"]
[EventRounds "5"]
[EventCountry "ENG"]
[SourceTitle "CBM 193 Extra"]
[Source "ChessBase"]
[SourceDate "2020.01.31"]
[SourceVersion "1"]
[SourceVersionDate "2020.01.31"]
[SourceQuality "1"]

1. e4 e6 2. d4 d5 3. exd5 exd5 4. Bd3 Nc6 5. Nf3 Bg4 6. c3 Qd7 7. Bf4 0-0-0 8. 0-0 f6 9. h3 Bf5 10. Na3 Bxd3 11. Qxd3 g5 12. Bg3 h5 13. h4 gxh4 14. Nxh4 Bd6 15. Bxd6 Qxd6 16. Ng6 Rh6 17. Qf5+ Qd7 18. Qxd7+ Rxd7 19. Nf4 Rhh7 20. Rfe1 Nd8 21. Re8 Ne7 22. Re1 Nf5 23. Rf8 c6 24. Rxf6 Nd6 25. f3 Kc7 26. Nc2 h4 27. Ne6+ Nxe6 28. Rexe6 a5 29. Ne3 a4 30. Ng4 Nb5 31. a3 Nd6 32. Ne5 Rd8 33. Kh2 Ne8 34. Rf8 Ng7 35. Rf7+ Kb6 36. Ree7 1-0

[Event "London Classic Weekend op 11th"]
[Site "London"]
[Date "2019.11.29"]
[Round "1"]
[White "Chapman, Terry PD"]
[Black "Martelli, Tommaso"]
[Result "1-0"]
[WhiteElo "2258"]
[BlackElo "1924"]
[PlyCount "73"]
[EventDate "2019.11.29"]
[EventType "swiss"]
[EventRounds "5"]
[EventCountry "ENG"]
[SourceTitle "CBM 193 Extra"]
[Source "ChessBase"]
[SourceDate "2020.01.31"]
[SourceVersion "1"]
[SourceVersionDate "2020.01.31"]
[SourceQuality "1"]

1. Nf3 d5 2. d4 Nf6 3. c4 e6 4. g3 c6 5. Bg2 Bd6 6. Nc3 Nbd7 7. Nd2 0-0 8. 0-0 Bc7 9. e4 dxe4 10. Ndxe4 Nxe4 11. Nxe4 e5 12. d5 cxd5 13. cxd5 Bb6 14. Bd2 Nc5 15. Bc3 Re8 16. Qh5 Nxe4 17. Bxe4 g6 18. Qh6 Qf6 19. Kg2 Bf5 20. f3 Rac8 21. g4 Bxe4 22. fxe4 Qg7 23. Qxg7+ Kxg7 24. Rac1 Be3 25. Bxe5+ Kg8 26. Rxc8 Rxc8 27. Rd1 Bg5 28. Kf3 Bd8 29. Rd2 Kf8 30. Bd4 a6 31. e5 Ke8 32. Ke4 Kd7 33. Rf2 Ke8 34. Rf3 Rc2 35. Rh3 Rc7 36. d6 Rd7 37. Kd5 1-0

[Event "Stein am Rhein op 5th"]
[Site "Stein am Rhein"]
[Date "2016.01.30"]
[Round "3"]
[White "Chennaoui, Yasin"]
[Black "Martelli, Tommaso"]
[Result "1/2-1/2"]
[WhiteElo "1765"]
[BlackElo "1941"]
[PlyCount "37"]
[EventDate "2016.01.29"]
[EventType "swiss"]
[EventRounds "5"]
[EventCountry "SUI"]
[SourceTitle "CBM 170 Extra"]
[Source "ChessBase"]
[SourceDate "2016.02.25"]
[SourceVersion "1"]
[SourceVersionDate "2016.02.25"]
[SourceQuality "1"]

1. d4 Nf6 2. c4 e6 3. Nc3 b6 4. Nf3 Bb7 5. g3 c5 6. d5 d6 7. e4 Nbd7 8. Bh3 exd5 9. exd5 Be7 10. 0-0 0-0 11. Re1 Re8 12. Qc2 Bc8 13. Bf1 Ng4 14. h3 Nge5 15. Nd2 Nf6 16. f4 Ng6 17. Bg2 Nh5 18. Nf1 Bf6 19. Be3 1/2-1/2

[Event "Ceriano Laghetto op-B 19th"]
[Site "Ceriano Laghetto"]
[Date "2010.03.??"]
[Round "5"]
[White "Moroni, Luca Jr"]
[Black "Martelli, Tommaso"]
[Result "1/2-1/2"]
[WhiteElo "1640"]
[BlackElo "1875"]
[PlyCount "109"]
[EventDate "2010.03.??"]
[EventType "swiss"]
[EventRounds "5"]
[EventCountry "ITA"]
[SourceTitle "EXT 2024"]
[Source "ChessBase"]
[SourceDate "2023.10.10"]
[SourceVersion "1"]
[SourceVersionDate "2023.10.10"]
[SourceQuality "1"]

1. e4 e5 2. Nf3 Nc6 3. Bc4 Nf6 4. d3 d5 5. exd5 Nxd5 6. Bxd5 Qxd5 7. Nc3 Bb4 8. Bd2 Bxc3 9. Bxc3 Bg4 10. h3 Bh5 11. Qe2 0-0-0 12. Qe4 Qe6 13. b3 f5 14. Qe3 Bxf3 15. Qxf3 e4 16. dxe4 Nd4 17. Bxd4 Rxd4 18. 0-0 Rxe4 19. Rad1 Re8 20. Qd3 g5 21. Qd5 Re2 22. Qxe6+ R8xe6 23. Rd5 Rxc2 24. Rxf5 h6 25. Rd1 c6 26. Rf7 Rxa2 27. Rdd7 b5 28. Rxa7 Rxa7 29. Rxa7 Re1+ 30. Kh2 Rb1 31. Rh7 Rxb3 32. Rxh6 Kd7 33. Rg6 c5 34. Rxg5 c4 35. h4 c3 36. h5 Rb4 37. Rc5 Rc4 38. Rxc4 bxc4 39. h6 c2 40. h7 c1Q 41. h8Q c3 42. Qd4+ Ke6 43. Qe4+ Kf6 44. Qf3+ Ke5 45. Qh5+ Kd4 46. Qg4+ Kd3 47. Qf3+ Kc2 48. Qe4+ Kb2 49. Qb4+ Ka1 50. Qa4+ Kb1 51. Qb3+ Qb2 52. Qd1+ Ka2 53. Qa4+ Qa3 54. Qc2+ Ka1 55. g3 1/2-1/2

[Event "Milan Sport&Cultura op"]
[Site "Milan"]
[Date "2010.02.14"]
[Round "5"]
[White "Travaglini, Renzo"]
[Black "Martelli, Tommaso"]
[Result "0-1"]
[WhiteElo "1622"]
[BlackElo "1900"]
[PlyCount "86"]
[EventDate "2010.02.12"]
[EventType "swiss"]
[EventRounds "5"]
[EventCountry "ITA"]
[SourceTitle "EXT 2011"]
[Source "ChessBase"]
[SourceDate "2010.11.26"]
[SourceVersion "1"]
[SourceVersionDate "2010.11.26"]
[SourceQuality "1"]

1. e4 e5 2. Nf3 Nc6 3. Bb5 a6 4. Ba4 Nf6 5. 0-0 Be7 6. Re1 b5 7. Bb3 0-0 8. c3 d5 9. d3 Bg4 10. h3 Bh5 11. Nbd2 dxe4 12. dxe4 Bc5 13. Nf1 Qe7 14. Ng3 Bg6 15. Bc2 Rad8 16. Qe2 Nh5 17. Nf5 Bxf5 18. exf5 Ng3 19. Qd2 Rxd2 20. Bxd2 e4 21. Bf4 Qf6 22. Bg5 Qxf5 23. Bh4 e3 24. Bxf5 exf2+ 25. Kh2 fxe1Q 26. Bxh7+ Kxh7 27. Rxe1 Nf5 28. Bg5 Bd6+ 29. Kg1 f6 30. Bc1 Ne5 31. Nxe5 Bxe5 32. g4 Nd6 33. Re2 Re8 34. Kg2 c5 35. Kf3 c4 36. Bd2 g5 37. Kg2 Kg6 38. Kf3 Nb7 39. Be1 Nc5 40. h4 gxh4 41. Bxh4 Rh8 42. Bf2 Nd3 43. Bd4 Rh2 0-1

[Event "Milan Sport&Cultura op"]
[Site "Milan"]
[Date "2010.02.13"]
[Round "3"]
[White "Carbone, Lorenzo"]
[Black "Martelli, Tommaso"]
[Result "1/2-1/2"]
[WhiteElo "1751"]
[BlackElo "1900"]
[PlyCount "82"]
[EventDate "2010.02.12"]
[EventType "swiss"]
[EventRounds "5"]
[EventCountry "ITA"]
[SourceTitle "EXT 2011"]
[Source "ChessBase"]
[SourceDate "2010.11.26"]
[SourceVersion "1"]
[SourceVersionDate "2010.11.26"]
[SourceQuality "1"]

1. e4 e5 2. Nf3 Nc6 3. Bb5 a6 4. Ba4 Nf6 5. 0-0 Be7 6. Re1 b5 7. Bb3 0-0 8. c3 d5 9. exd5 Nxd5 10. Nxe5 Nxe5 11. Rxe5 c6 12. d4 Bd6 13. Re1 Qh4 14. g3 Qh3 15. Qf3 Bg4 16. Qg2 Qh5 17. Bxd5 cxd5 18. Be3 b4 19. Nd2 Rfc8 20. Rac1 bxc3 21. Rxc3 Bb4 22. Rcc1 Bxd2 23. Bxd2 Bf5 24. Qf1 Be4 25. Qe2 Qh3 26. f3 Bg6 27. g4 h5 28. Qg2 hxg4 29. Qxg4 Bf5 30. Qxh3 Bxh3 31. Bc3 Rc6 32. Kf2 g6 33. Re5 Rf6 34. Kg3 Be6 35. a3 Rf5 36. f4 Kg7 37. Bb4 a5 38. Bd2 a4 39. Rc7 Kf6 40. Bc3 Rxe5 41. fxe5+ Kf5 1/2-1/2

[Event "Milan Citta op-A"]
[Site "Milan"]
[Date "2007.05.20"]
[Round "5"]
[White "Franzini, Stefano"]
[Black "Martelli, Tommaso"]
[Result "1-0"]
[WhiteElo "1640"]
[BlackElo "1808"]
[PlyCount "87"]
[EventDate "2007.05.18"]
[EventType "swiss"]
[EventRounds "5"]
[EventCountry "ITA"]
[SourceTitle "EXT 2010"]
[Source "ChessBase"]
[SourceDate "2010.11.25"]
[SourceVersion "1"]
[SourceVersionDate "2010.11.25"]
[SourceQuality "1"]

1. d4 Nf6 2. Nf3 e6 3. Bf4 c5 4. e3 Nc6 5. c3 a6 6. Nbd2 d5 7. Bd3 c4 8. Bc2 b5 9. 0-0 Bd6 10. Bxd6 Qxd6 11. e4 Qf4 12. Qe2 0-0 13. e5 Nd7 14. Ne1 a5 15. g3 Qh6 16. Ng2 a4 17. f4 b4 18. Nf3 a3 19. b3 Ba6 20. bxc4 bxc3 21. Ne3 Rfb8 22. Qe1 Nb4 23. Qxc3 Nxc2 24. Qxc2 Rb2 25. Qc3 Bb7 26. c5 Bc6 27. Rf2 Qh5 28. Kg2 Rxf2+ 29. Kxf2 Qg6 30. Nc2 f6 31. Nb4 Bb5 32. c6 fxe5 33. cxd7 Bxd7 34. Nxe5 Qe8 35. Rc1 Rc8 36. Qxa3 Bb5 37. Nbd3 Ra8 38. Qb2 Rb8 39. Qc3 Qh5 40. h4 g5 41. fxg5 Rf8+ 42. Nf4 Qe2+ 43. Kg1 Qxa2 44. Ra1 1-0

[Event "Milan Citta op-A"]
[Site "Milan"]
[Date "2007.05.19"]
[Round "3"]
[White "Martelli, Tommaso"]
[Black "Stips, Felix"]
[Result "0-1"]
[WhiteElo "1808"]
[BlackElo "2029"]
[PlyCount "78"]
[EventDate "2007.05.18"]
[EventType "swiss"]
[EventRounds "5"]
[EventCountry "ITA"]
[SourceTitle "EXT 2010"]
[Source "ChessBase"]
[SourceDate "2010.11.25"]
[SourceVersion "1"]
[SourceVersionDate "2010.11.25"]
[SourceQuality "1"]

1. e4 c5 2. Nf3 d6 3. d4 cxd4 4. Nxd4 Nf6 5. Nc3 a6 6. Be2 e5 7. Nb3 Be7 8. Be3 Be6 9. g4 h6 10. Nd5 Nxd5 11. exd5 Bc8 12. Qd2 Nd7 13. 0-0-0 Bg5 14. h4 Bxe3 15. Qxe3 b6 16. g5 Bb7 17. Rdg1 Qe7 18. c4 Nc5 19. Nxc5 bxc5 20. gxh6 gxh6 21. Rg7 0-0-0 22. Bh5 Rdf8 23. Qf3 Kd8 24. Rhg1 Qxh4 25. Qb3 Qf4+ 26. Kb1 Kc7 27. Qa4 Qf5+ 28. Ka1 Qxh5 29. Qa5+ Kc8 30. R7g3 Qh4 31. Rb3 Qd8 32. Qa4 Qc7 33. Rbg3 h5 34. Qc2 h4 35. Rg7 h3 36. Rh7 Rfg8 37. Qf5+ Qd7 38. Rxh8 Rxh8 39. Qf6 Rh7 0-1